00629nam a2200181Ia 4500008004100000020001500041041001200056082001600068100001400084245007200098260003100170300000800201650001600209700001700225942000700242999001500249952018300264221030s9999 xx 000 0 und d a9814126918 aEnglish a105.23bRue aE. Turban 0aIntroduction to Informatuion Tecnologycby E. Turban, R. K. Rainer bJohn WileyaNew Yorkc2003 a526 aBE Computer aR. K. Rainer cBK c8467d8467 pBE 7080g398.00l1o105.23 Ruer2024-11-26 00:00:00s2024-11-07w2022-10-30yBK003Print4070aMIETLIBbMIETLIBcBL-Academic Blockc, FL-2, CUP-107, SH-2, R-2d2005-08-2310HBE